000 02059nam a22006137a 4500
001 11881430
003 LIBRIS
005 20210419060446.0
008 100624s2018 maua 001 0 eng c
010 _a 2010001339
015 _aGBA9B6833
_2bnb
016 7 _a015434065
_2Uk
016 7 _a101523111
_2DNLM
020 _a9780878936137
035 _a(OCoLC)ocn473478856
035 _a(OCoLC)473478856
_z(OCoLC)406164622
040 _aDNLM/DLC
_cDLC
_dYDX
_dBTCTA
_dYDXCP
_dUKM
_dNLM
_dCDX
_dC
042 _apcc
050 0 0 _aQM451
_b.B68 2010
060 1 0 _aWL 141
_bB658n 2010
080 _a616.8
_bB-39
082 0 0 _a616.8/0475
_222
084 _aVef
_2kssb/8 (machine generated)
100 1 _aBlumenfeld, Hal.
245 1 0 _aNeuroanatomy through clinical cases /
_cHal Blumenfeld.
250 _a2nd ed.
260 _aSunderland, Mass. :
_bSinauer Associates,
_cc2018.
300 _axxiii, 1006 p. :
_bill. (some col.) ;
_c28 cm.
504 _aIncludes bibliographical references and indexes.
650 7 _aCentrala nervsystemet
_2sao
_0142132
650 0 _aNeurology
_9100
650 7 _aNeuroanatomi
_2sao
_0403247
650 0 _aNeuroanatomy.
650 0 _aNeurologic examination
_vCase studies.
650 1 2 _aNervous System Diseases
_xdiagnosis
650 2 2 _aNervous System
_xpathology
650 0 _aNeuroanatomy
650 0 _aCentral nervous system
653 _aნევროლოგია
653 _aნევროანატომია
655 2 _aCase Reports
942 _2udc
_cBK
_e2
949 _5Gm
_66000131513
_aNeurology 16.3
_tYNNNN
999 _c257
_d257